| 000 | 00766cam a2200241 a 4500 | ||
|---|---|---|---|
| 001 | 4436487 | ||
| 005 | 20180301032306.0 | ||
| 008 | 940802s1995 maua b 001 0 eng | ||
| 010 | _a 94076473 | ||
| 020 | _a0395643953 | ||
| 040 |
_aDLC _cDLC _dDLC |
||
| 041 | _aeng | ||
| 080 | _a332.1MIC | ||
| 082 | 0 | 0 |
_a332.1MIC _220 |
| 100 | 1 | _a52 | |
| 101 | _aECO | ||
| 245 | 1 | 0 |
_aMoney, banking, and financial markets : _cMichael R. Baye, Dennis W. Jansen. |
| 246 | 1 | 4 | _aMoney, banking & financial markets |
| 504 | _aIncludes bibliographical references and index. | ||
| 906 |
_a7 _bcbc _corignew _d3 _eopcn _f19 _gy-gencatlg |
||
| 942 |
_2ddc _cBK |
||
| 999 |
_c43741 _d43741 |
||